| 000 | 00807nas a2200265Ia 4500 | ||
|---|---|---|---|
| 001 | dg96-41731 | ||
| 003 | IT-MiCISF | ||
| 008 | 161014c99999999xx |||||||||||| ||und|| | ||
| 040 |
_aIT-MiCISF _cIT-MiCISF |
||
| 041 | _aITALIANO | ||
| 100 | _aScarmagnani Marco | ||
| 210 | _aSempre | ||
| 222 | _aSempre | ||
| 245 | 0 | _aL'orfanotrofio chiude, ma la mamma non c'รจ | |
| 250 | _a1a ed. | ||
| 260 | _c2005 | ||
| 501 |
_bCISF - Centro Internazionale Studi Famiglia - Via Giotto, 36 20145 MILANO (non commercial uses only) _cCopyright 2016 |
||
| 300 | _app. 28-31 | ||
| 362 | _a n. 11, dicembre [2005] | ||
| 500 | _a Tema: istituto-per-minori, affido, adozione, casa-famiglia | ||
| 650 |
_aADOZIONE, AFFIDO _vintervista |
||
| 700 | _a Martini Walter | ||
| 942 | _cCR | ||
| 957 | _71 | ||
| 999 |
_a41731 _bSi _g1 _c218836 _d218836 |
||